[Event "3eme tournoi de MI de JUVISY"]
[Site "Juvisy"]
[Date "2019.06.29"]
[Round "1.2"]
[White "Bon, Michael"]
[Black "Onkoud, Abdelaziz"]
[Result "1/2-1/2"]
[WhiteElo "2400"]
[BlackElo "2328"]
[PlyCount "39"]
[EventDate "2019.??.??"]
[WhiteTeam "Club du Canal St-Martin Paris"]
[BlackTeam "Livry Gargan "]

1. e4 d6 2. d4 Nf6 3. Nc3 c6 4. f4 Qa5 5. Bd3 e5 6. Nf3 exd4 7. Nxd4 g6 8. h3
Bg7 9. Be3 O-O 10. O-O Nbd7 11. Qd2 Qc7 12. Nb3 b5 13. g4 Bb7 14. f5 b4 15. Ne2
Rfe8 16. Ng3 d5 17. Bf4 Qb6+ 18. Be3 Qc7 19. Bf4 Qb6+ 20. Be3 1/2-1/2

[Event "3eme tournoi de MI de JUVISY"]
[Site "Juvisy"]
[Date "2019.06.29"]
[Round "1.3"]
[White "Harutyunyan, Ruben"]
[Black "Delorme, Alban"]
[Result "0-1"]
[WhiteElo "2316"]
[BlackElo "2327"]
[PlyCount "102"]
[EventDate "2019.??.??"]
[WhiteTeam "Clichy-Echecs-92"]
[BlackTeam "Echecs 16"]

1. e4 e6 2. d4 d5 3. Bd3 dxe4 4. Bxe4 Nf6 5. Bf3 c5 6. Ne2 Nc6 7. Be3 cxd4 8.
Nxd4 Ne5 9. Nc3 Nc4 10. Qe2 Nxe3 11. fxe3 a6 12. O-O-O Qa5 13. Nc6 bxc6 14.
Bxc6+ Bd7 15. Bxa8 Bb4 16. Qc4 O-O 17. Bb7 Rb8 18. Rxd7 Nxd7 19. Rd1 Bxc3 20.
Rxd7 Be5 21. c3 Qb6 22. Qd3 Bc7 23. Qxa6 Qxb7 24. Qxb7 Rxb7 25. c4 Kf8 26. c5
Ke8 27. c6 Ra7 28. b4 Bb6 29. Rxa7 Bxe3+ 30. Kc2 Bxa7 31. a4 Kd8 32. a5 Kc7 33.
b5 f5 34. Kd3 e5 35. Kc4 Kd6 36. Kb4 e4 37. Kc4 f4 38. Kc3 g5 39. Kd2 g4 40.
Ke2 h5 41. Kf1 h4 42. h3 g3 43. Ke2 f3+ 44. Kf1 e3 45. gxf3 g2+ 46. Kxg2 e2 47.
c7 e1=Q 48. c8=N+ Ke5 49. Nxa7 Qe2+ 50. Kh1 Qxf3+ 51. Kh2 Qf2+ 0-1

[Event "3eme tournoi de MI de JUVISY"]
[Site "Juvisy"]
[Date "2019.06.29"]
[Round "1.1"]
[White "Mouhamad, Joachim"]
[Black "Belkhodja, Slim"]
[Result "1-0"]
[WhiteElo "2302"]
[BlackElo "2416"]
[PlyCount "67"]
[EventDate "2019.??.??"]
[WhiteTeam "Clichy-Echecs-92"]
[BlackTeam "J.E.E.N."]

1. e4 c5 2. Nf3 g6 3. d4 cxd4 4. Nxd4 Bg7 5. c4 Nc6 6. Be3 Nh6 7. Be2 f5 8. Nc3
O-O 9. O-O f4 10. Nxc6 bxc6 11. Bd4 d6 12. Bxg7 Kxg7 13. c5 Nf7 14. Qd4+ Kh6
15. Rad1 Be6 16. b4 a6 17. Kh1 Ne5 18. f3 a5 19. b5 cxb5 20. Nxb5 Bxa2 21. cxd6
exd6 22. Qa4 Bg8 23. Rxd6 Qe7 24. Rfd1 Rfc8 25. Qa1 a4 26. Nd4 Rf8 27. Nf5+
Rxf5 28. exf5 Ra5 29. f6 Qc7 30. Qd4 Bf7 31. Qxf4+ g5 32. Qd2 Bg6 33. f4 Nf7
34. fxg5+ 1-0

[Event "3eme tournoi de MI de JUVISY"]
[Site "Juvisy"]
[Date "2019.06.29"]
[Round "1.5"]
[White "Nguyen, Vincent"]
[Black "Msellek, Ilyass"]
[Result "0-1"]
[WhiteElo "2315"]
[BlackElo "2239"]
[PlyCount "83"]
[EventDate "2019.??.??"]
[WhiteTeam "La tour de Juvisy"]
[BlackTeam "Tremblay en France"]

1. e4 c5 2. Nc3 a6 3. a4 e6 4. b3 d5 5. Bb2 Nc6 6. g3 Nf6 7. Bg2 d4 8. Na2 e5
9. d3 b5 10. Nc1 Rb8 11. axb5 axb5 12. Ba3 Bd6 13. Nf3 Be6 14. h3 Ra8 15. Ne2
O-O 16. Ng5 Bd7 17. O-O Qc7 18. Nf3 Ra7 19. Bb2 Rfa8 20. Rxa7 Qxa7 21. Ne1 Qa2
22. Bc1 Qb1 23. f4 Ra2 24. Qd2 h6 25. g4 exf4 26. Nxf4 Nb4 27. g5 hxg5 28. Nd5
Nfxd5 29. exd5 Bf4 30. Rxf4 gxf4 31. Qxf4 Ra8 32. Be4 Re8 33. Nf3 Na2 34. Kg2
Qxc1 35. Qc7 Qxc2+ 36. Kg3 Nc3 37. Bh7+ Kxh7 38. Qxd7 Rf8 39. Qe7 Kg8 40. d6
Qxd3 41. d7 Qg6+ 42. Kh2 0-1

[Event "3eme tournoi de MI de JUVISY"]
[Site "Juvisy"]
[Date "2019.06.29"]
[Round "1.4"]
[White "Lazo, Andrei"]
[Black "Gevorgyan, David Sh"]
[Result "0-1"]
[WhiteElo "2279"]
[BlackElo "2321"]
[PlyCount "120"]
[EventDate "2019.??.??"]
[WhiteTeam "Club du Canal St-Martin Paris"]
[BlackTeam "Club 608 d'Echecs Paris"]

1. d4 Nf6 2. c4 g6 3. Nc3 Bg7 4. e4 d6 5. Nf3 O-O 6. h3 e5 7. d5 Nbd7 8. Be3
Nc5 9. Nd2 a5 10. g4 Bd7 11. Be2 c6 12. g5 Ne8 13. h4 Nc7 14. Nb3 b6 15. h5
cxd5 16. cxd5 a4 17. Nxc5 bxc5 18. hxg6 fxg6 19. a3 Qb8 20. Rb1 Qc8 21. Rh4 Rf7
22. Kd2 Qe8 23. Qh1 Bf8 24. Qh2 Rb8 25. Rh1 Qe7 26. Kc1 Nb5 27. Bxb5 Bxb5 28.
f4 exf4 29. Bxf4 Bd3 30. e5 dxe5 31. d6 Qd8 32. Be3 Rbb7 33. Nd5 Qxd6 34. Nf6+
Rxf6 35. gxf6 g5 36. Qg2 Bg6 37. Qxb7 gxh4 38. f7+ Bxf7 39. Rd1 Qe6 40. Qe4 Bg6
41. Rg1 h3 42. Bf4 h2 43. Bxh2 Bh6+ 44. Kb1 Bg7 45. Rxg6 Qxg6 46. Qxg6 hxg6 47.
Kc2 c4 48. Kc3 e4+ 49. Kxc4 Bxb2 50. Kb4 e3 51. Bg3 Bc1 52. Kxa4 Bd2 53. Bf4
Kf7 54. Kb3 Ke6 55. Kc2 Kf5 56. Bc7 Ke4 57. a4 Bb4 58. Bb6 e2 59. Bf2 Kf3 60.
Bh4 g5 0-1

[Event "3eme tournoi de MI de JUVISY"]
[Site "?"]
[Date "2019.06.30"]
[Round "2.5"]
[White "ONKOUD, Abdelaziz"]
[Black "BELKHODJA, Slim"]
[Result "1/2-1/2"]
[WhiteElo "2328"]
[BlackElo "2416"]
[PlyCount "27"]
[EventDate "2019.??.??"]
[WhiteTeam "LIVRY-GARGAN -LA DAME DE SEVIGNE"]
[BlackTeam "J.E.E.N"]

1. d4 d6 2. c4 e5 3. Nc3 exd4 4. Qxd4 Nc6 5. Qd2 Nf6 6. b3 Be6 7. e4 a5 8. Bd3
a4 9. Rb1 axb3 10. axb3 g6 11. Nge2 Bg7 12. O-O O-O 13. Bb2 Re8 14. Nd5 1/2-1/2

[Event "3eme tournoi de MI de JUVISY"]
[Site "Juvisy/Orge, France"]
[Date "2019.06.30"]
[Round "2.1"]
[White "MSELLEK, Ilyass"]
[Black "MOUHAMAD, Joachim"]
[Result "1-0"]
[WhiteElo "2239"]
[BlackElo "2302"]
[PlyCount "157"]
[EventDate "2019.??.??"]
[TimeControl "6600+1965"]
[WhiteClock "0:04:08"]
[BlackClock "0:01:52"]

1. e4 {[%emt 0:00:07]} c5 {[%emt 0:00:43]} 2. Nf3 {[%emt 0:00:09]} Nc6 {[%emt
0:00:49]} 3. d4 {[%emt 0:00:17]} cxd4 {[%emt 0:00:03]} 4. Nxd4 {[%emt 0:00:05]}
e6 {[%emt 0:03:40]} 5. Nc3 {[%emt 0:00:32]} d6 {[%emt 0:00:57]} 6. Be3 {[%emt
0:00:23]} Nf6 {[%emt 0:00:39]} 7. Qe2 {[%emt 0:00:24]} Be7 {[%emt 0:03:30]} 8.
O-O-O {[%emt 0:03:39]} a6 {[%emt 0:33:10]} 9. g4 {[%emt 0:13:56]} Nd7 {[%emt 0:
08:54]} 10. f4 {[%emt 0:10:00]} Qc7 {[%emt 0:05:53]} 11. Kb1 {[%emt 0:20:03]}
b5 {[%emt 0:06:45]} 12. Bg2 {[%emt 0:11:23]} Bb7 {[%emt 0:01:34]} 13. Nxc6 {
[%emt 0:11:00]} Qxc6 {[%emt 0:02:22]} 14. a3 {[%emt 0:03:31]} Rc8 {[%emt 0:00:
48]} 15. g5 {[%emt 0:04:15]} Qc4 {[%emt 0:02:05]} 16. Qg4 {[%emt 0:02:47]} O-O
{[%emt 0:05:31]} 17. Rd4 {[%emt 0:09:36]} Qc7 {[%emt 0:00:54]} 18. h4 {[%emt 0:
06:27]} e5 {[%emt 0:10:03]} 19. Rd2 {[%emt 0:00:27]} exf4 {[%emt 0:00:23]} 20.
Bxf4 {[%emt 0:00:49]} Rfd8 {[%emt 0:04:56]} 21. h5 {[%emt 0:00:49]} Ne5 {[%emt
0:01:09]} 22. Bxe5 {[%emt 0:00:44]} dxe5 {[%emt 0:00:02]} 23. Rxd8+ {[%emt 0:
01:08]} Bxd8 {[%emt 0:08:12]} 24. g6 {[%emt 0:00:42]} Bf6 {[%emt 0:02:22]} 25.
Rd1 {[%emt 0:00:18]} Rd8 {[%emt 0:00:29]} 26. Nd5 {[%emt 0:00:36]} Bxd5 {[%emt
0:00:11]} 27. exd5 {[%emt 0:00:15]} Qd7 {[%emt 0:04:03]} 28. gxf7+ {[%emt 0:01:
40]} Kxf7 {[%emt 0:00:32]} 29. Qe4 {[%emt 0:00:40]} Kg8 {[%emt 0:01:25]} 30.
Rd3 {[%emt 0:01:51]} Qf7 {[%emt 0:01:12]} 31. Bf3 {[%emt 0:05:24]} g6 {[%emt 0:
01:23]} 32. Bg4 {[%emt 0:00:48]} Kg7 {[%emt 0:00:06]} 33. Be6 {[%emt 0:00:51]}
Qa7 {[%emt 0:00:44]} 34. Rf3 {[%emt 0:01:22]} Rf8 {[%emt 0:00:52]} 35. hxg6 {
[%emt 0:00:25]} Qg1+ {[%emt 0:00:41]} 36. Ka2 {[%emt 0:00:03]} hxg6 {[%emt 0:
00:28]} 37. Rd3 {[%emt 0:00:36]} Qf2 {[%emt 0:00:22]} 38. Rc3 {[%emt 0:00:57]}
Qd4 {[%emt 0:00:44]} 39. Rc7+ {[%emt 0:00:15]} Kh6 {[%emt 0:00:01]} 40. Qh1+ {
[%emt 0:00:49]} Qh4 {[%emt 0:00:25]} 41. Qg1 {[%emt 0:09:42]} e4 {[%emt 0:05:
02]} 42. Qe3+ {[%emt 0:08:38]} Bg5 {[%emt 0:00:42]} 43. Qa7 {[%emt 0:00:26]}
Rh8 {[%emt 0:00:46]} 44. Rc6 {[%emt 0:07:26]} Bf6 {[%emt 0:08:38]} 45. Qf7 {
[%emt 0:03:11]} Rh7 {[%emt 0:09:01]} 46. Qf8+ {[%emt 0:00:07]} Bg7 {[%emt 0:00:
39]} 47. Qf1 {[%emt 0:00:27]} Be5 {[%emt 0:07:26]} 48. Bf5 {[%emt 0:04:44]} Bf6
{[%emt 0:02:06]} 49. Bxe4 {[%emt 0:05:16]} Qxe4 {[%emt 0:00:23]} 50. Qxf6 {
[%emt 0:00:07]} Qxd5+ {[%emt 0:00:13]} 51. b3 {[%emt 0:00:06]} Qe4 {[%emt 0:00:
48]} 52. Rc3 {[%emt 0:00:41]} Qg4 {[%emt 0:02:49]} 53. Rc5 {[%emt 0:02:00]} Rg7
{[%emt 0:04:01]} 54. Rc8 {[%emt 0:00:36]} Rh7 {[%emt 0:01:00]} 55. Rc5 {[%emt
0:00:36]} Rg7 {[%emt 0:00:13]} 56. Qf8 {[%emt 0:01:41]} Qd7 {[%emt 0:02:21]}
57. Qh8+ {[%emt 0:01:02]} Rh7 {[%emt 0:00:03]} 58. Qf6 {[%emt 0:00:36]} Rf7 {
[%emt 0:00:44]} 59. Qh8+ {[%emt 0:01:21]} Rh7 {[%emt 0:00:06]} 60. Qe5 {[%emt
0:01:09]} Re7 {[%emt 0:00:52]} 61. Qh8+ {[%emt 0:00:41]} Rh7 62. Qf6 {[%emt 0:
00:06]} Rf7 {[%emt 0:00:16]} 63. Qxa6 {[%emt 0:01:03]} Rf5 {[%emt 0:01:03]} 64.
Qc8 {[%emt 0:00:30]} Qxc8 {[%emt 0:00:36]} 65. Rxc8 {[%emt 0:00:01]} g5 {[%emt
0:00:06]} 66. c4 {[%emt 0:00:30]} g4 {[%emt 0:01:15]} 67. cxb5 {[%emt 0:00:28]}
Rf2+ {[%emt 0:01:55]} 68. Kb1 {[%emt 0:00:10]} g3 {[%emt 0:00:01]} 69. Rc3 {
[%emt 0:00:48]} g2 {[%emt 0:00:07]} 70. Rg3 {[%emt 0:00:19]} Rf1+ {[%emt 0:01:
38]} 71. Kc2 {[%emt 0:00:03]} g1=Q {[%emt 0:00:06]} 72. Rxg1 {[%emt 0:00:01]}
Rxg1 {[%emt 0:00:06]} 73. a4 {[%emt 0:00:31]} Kg6 {[%emt 0:00:18]} 74. b6 {
[%emt 0:00:23]} Kf6 {[%emt 0:00:44]} 75. b7 {[%emt 0:00:07]} Rg8 {[%emt 0:00:
49]} 76. a5 {[%emt 0:00:03]} Ke5 {[%emt 0:00:09]} 77. a6 {[%emt 0:00:14]} Kd4 {
[%emt 0:01:12]} 78. a7 {[%emt 0:00:13]} Rg2+ {[%emt 0:00:10]} 79. Kb1 {[%emt 0:
00:06]} 1-0

[Event "3eme tournoi de MI de JUVISY"]
[Site "Juvisy/Orge, France"]
[Date "2019.06.30"]
[Round "2.4"]
[White "BON, Michael"]
[Black "LAZO, Andrei"]
[Result "0-1"]
[WhiteElo "2400"]
[BlackElo "2279"]
[PlyCount "58"]
[EventDate "2019.??.??"]
[TimeControl "6600+950"]
[WhiteClock "0:10:48"]
[BlackClock "0:17:22"]

1. e4 e6 {[%emt 0:00:05]} 2. d4 {[%emt 0:00:07]} d5 {[%emt 0:00:05]} 3. e5 {
[%emt 0:00:07]} c5 {[%emt 0:00:06]} 4. c3 {[%emt 0:00:03]} Qb6 {[%emt 0:00:05]}
5. Nf3 {[%emt 0:00:06]} Nc6 {[%emt 0:00:04]} 6. a3 {[%emt 0:00:09]} Nh6 {[%emt
0:00:06]} 7. b4 {[%emt 0:00:12]} cxd4 {[%emt 0:00:05]} 8. b5 {[%emt 0:00:16]}
Na5 {[%emt 0:03:19]} 9. Bxh6 {[%emt 0:00:43]} gxh6 {[%emt 0:00:07]} 10. cxd4 {
[%emt 0:00:05]} Bd7 {[%emt 0:00:41]} 11. Nbd2 {[%emt 0:00:30]} Rc8 {[%emt 0:00:
35]} 12. a4 {[%emt 0:07:54]} Rg8 {[%emt 0:05:06]} 13. g3 {[%emt 0:05:09]} Rg4 {
[%emt 0:02:05]} 14. Bd3 {[%emt 0:07:46]} Bb4 {[%emt 0:08:02]} 15. O-O {[%emt 0:
10:27]} Bc3 {[%emt 0:15:19]} 16. Rc1 {[%emt 0:04:28]} Bxd4 {[%emt 0:05:24]} 17.
Rxc8+ {[%emt 0:02:19]} Bxc8 {[%emt 0:00:05]} 18. Kg2 {[%emt 0:12:03]} Bc5 {
[%emt 0:07:30]} 19. h3 {[%emt 0:02:15]} Rb4 {[%emt 0:03:28]} 20. Qc2 {[%emt 0:
07:37]} Bd7 {[%emt 0:03:53]} 21. Bxh7 {[%emt 0:02:30]} a6 {[%emt 0:08:42]} 22.
Rc1 {[%emt 0:11:18]} Nc4 {[%emt 0:07:08]} 23. Bg8 {[%emt 0:09:08]} Rb2 {[%emt
0:16:10]} 24. Qh7 {[%emt 0:01:14]} Nxd2 {[%emt 0:04:51]} 25. Bxf7+ {[%emt 0:16:
19]} Kd8 {[%emt 0:00:22]} 26. Qh8+ {[%emt 0:00:12]} Kc7 {[%emt 0:00:51]} 27.
Nxd2 {[%emt 0:00:49]} Rxd2 {[%emt 0:02:11]} 28. Qf8 {[%emt 0:00:17]} Rxf2+ {
[%emt 0:00:47]} 29. Kh1 {[%emt 0:00:03]} Rf1+ {[%emt 0:00:31]} 0-1

[Event "3eme tournoi de MI de JUVISY"]
[Site "Juvisy/Orge, France"]
[Date "2019.06.30"]
[Round "2.2"]
[White "DELORME, Alban"]
[Black "NGUYEN, Vincent"]
[Result "1-0"]
[WhiteElo "2327"]
[BlackElo "2315"]
[PlyCount "115"]
[EventDate "2019.??.??"]
[TimeControl "6600+1720"]
[WhiteClock "0:11:49"]
[BlackClock "0:22:00"]

1. Nf3 {[%emt 0:00:25]} e6 {[%emt 0:00:22]} 2. g3 {[%emt 0:01:30]} f5 {[%emt 0:
00:12]} 3. Bg2 {[%emt 0:01:46]} Nf6 {[%emt 0:00:07]} 4. O-O {[%emt 0:02:02]}
Be7 {[%emt 0:00:23]} 5. d3 {[%emt 0:02:39]} O-O {[%emt 0:00:07]} 6. Nbd2 {
[%emt 0:02:29]} d6 {[%emt 0:00:46]} 7. e4 {[%emt 0:02:36]} fxe4 {[%emt 0:02:31]
} 8. dxe4 {[%emt 0:02:08]} e5 {[%emt 0:00:40]} 9. c3 {[%emt 0:00:12]} Kh8 {
[%emt 0:02:23]} 10. Nh4 {[%emt 0:07:46]} Nc6 {[%emt 0:03:35]} 11. Nc4 {[%emt 0:
05:09]} Ng8 {[%emt 0:04:30]} 12. Nf5 {[%emt 0:15:23]} Bxf5 {[%emt 0:03:49]} 13.
exf5 {[%emt 0:00:06]} Rxf5 {[%emt 0:00:05]} 14. Qd3 {[%emt 0:00:11]} Rf8 {
[%emt 0:02:21]} 15. b4 {[%emt 0:03:21]} a6 {[%emt 0:07:17]} 16. a4 {[%emt 0:01:
59]} Qc8 {[%emt 0:13:06]} 17. Ba3 {[%emt 0:04:35]} Rd8 {[%emt 0:18:30]} 18.
Rfe1 {[%emt 0:29:09]} Nf6 {[%emt 0:11:47]} 19. b5 {[%emt 0:04:27]} axb5 {[%emt
0:04:24]} 20. axb5 {[%emt 0:00:27]} Na5 {[%emt 0:00:05]} 21. Nd2 {[%emt 0:00:
05]} c5 {[%emt 0:06:08]} 22. c4 {[%emt 0:04:41]} Ra7 {[%emt 0:04:36]} 23. Bb2 {
[%emt 0:01:38]} b6 {[%emt 0:00:07]} 24. Bc3 {[%emt 0:01:12]} Qb8 {[%emt 0:00:
30]} 25. Ne4 {[%emt 0:00:32]} Nxe4 {[%emt 0:06:38]} 26. Bxe4 {[%emt 0:00:21]}
g6 {[%emt 0:00:06]} 27. f4 {[%emt 0:03:49]} Bf6 {[%emt 0:00:05]} 28. Bd5 {
[%emt 0:01:36]} Bg7 {[%emt 0:01:16]} 29. Ra2 {[%emt 0:07:14]} Rf8 {[%emt 0:03:
55]} 30. fxe5 {[%emt 0:02:31]} dxe5 {[%emt 0:00:05]} 31. Rae2 {[%emt 0:00:33]}
Re7 {[%emt 0:00:18]} 32. Re4 {[%emt 0:01:09]} Qd6 {[%emt 0:02:38]} 33. Qe3 {
[%emt 0:00:55]} Rfe8 {[%emt 0:00:31]} 34. Bb2 {[%emt 0:00:59]} Qc7 {[%emt 0:02:
57]} 35. Ra1 {[%emt 0:01:11]} Qd6 {[%emt 0:01:02]} 36. Kg2 {[%emt 0:01:01]} Rd8
{[%emt 0:00:31]} 37. Re1 {[%emt 0:00:18]} Rde8 {[%emt 0:00:15]} 38. Ra1 {[%emt
0:00:05]} Rd8 {[%emt 0:00:04]} 39. Ra3 {[%emt 0:00:58]} Rf8 {[%emt 0:01:58]}
40. Bc3 {[%emt 0:00:35]} Nb7 {[%emt 0:06:45]} 41. Qe2 {[%emt 0:19:44]} Rb8 {
[%emt 0:07:25]} 42. Ra7 {[%emt 0:01:44]} Bf6 {[%emt 0:02:36]} 43. Rxb7 {[%emt
0:03:45]} Rbxb7 {[%emt 0:01:21]} 44. Bxb7 {[%emt 0:00:07]} Rxb7 {[%emt 0:00:03]
} 45. Rxe5 {[%emt 0:00:13]} Kg7 {[%emt 0:02:22]} 46. Re6 {[%emt 0:01:43]} Qxe6
{[%emt 0:01:25]} 47. Qxe6 {[%emt 0:00:06]} Bxc3 {[%emt 0:00:03]} 48. Qc6 {
[%emt 0:00:12]} Rf7 {[%emt 0:00:07]} 49. Qxb6 {[%emt 0:00:26]} Bd4 {[%emt 0:00:
04]} 50. h4 {[%emt 0:03:51]} h5 {[%emt 0:00:17]} 51. Qc6 {[%emt 0:01:17]} Rf2+
{[%emt 0:03:22]} 52. Kh3 {[%emt 0:00:07]} Rb2 {[%emt 0:00:43]} 53. b6 {[%emt 0:
01:06]} Be5 {[%emt 0:00:30]} 54. Qxc5 {[%emt 0:00:35]} Kf6 {[%emt 0:00:05]} 55.
Qe3 {[%emt 0:00:26]} Ke6 {[%emt 0:03:09]} 56. Qd3 {[%emt 0:01:10]} Kf6 {[%emt
0:06:00]} 57. c5 {[%emt 0:00:20]} Kf7 {[%emt 0:00:19]} 58. Qe3 {[%emt 0:00:45]}
1-0

[Event "3eme tournoi de MI de JUVISY"]
[Site "Juvisy/Orge, France"]
[Date "2019.07.01"]
[Round "3.5"]
[White "Belkhodja, Slim"]
[Black "Msellek, Ilyass"]
[Result "1/2-1/2"]
[WhiteElo "2416"]
[BlackElo "2236"]
[PlyCount "33"]
[EventDate "2019.06.29"]
[EventRounds "9"]
[EventCountry "FRA"]
[WhiteTeam "J.E.E.N"]
[BlackTeam "Tremblay en France"]

1. e4 c5 2. Nf3 d6 3. Bb5+ Nd7 4. c4 Ngf6 5. Nc3 g6 6. O-O Bg7 7. d4 cxd4 8.
Nxd4 O-O 9. Bxd7 Bxd7 10. b3 a6 11. a4 b5 12. axb5 axb5 13. Rxa8 Qxa8 14. e5
dxe5 15. Ndxb5 Bc6 16. f3 e4 17. fxe4 1/2-1/2

[Event "3eme tournoi de MI de JUVISY"]
[Site "Juvisy/Orge, France"]
[Date "2019.07.01"]
[Round "3.1"]
[White "NGUYEN, Vincent"]
[Black "GEVORGYAN, David Sh"]
[Result "0-1"]
[WhiteElo "2315"]
[BlackElo "2321"]
[PlyCount "94"]
[EventDate "2019.??.??"]
[TimeControl "6600+3395"]
[WhiteClock "0:36:19"]
[BlackClock "0:29:04"]

1. e4 {[%emt 0:00:02]} e5 {[%emt 0:00:08]} 2. Nf3 {[%emt 0:00:05]} Nc6 {
[%emt 0:00:05]} 3. Bc4 {[%emt 0:00:04]} Be7 {[%emt 0:00:09]} 4. d3 {[%emt 0:01:
48]} Nf6 {[%emt 0:00:33]} 5. a4 {[%emt 0:00:15]} O-O {[%emt 0:00:50]} 6. O-O {
[%emt 0:00:11]} d6 {[%emt 0:00:32]} 7. h3 {[%emt 0:00:50]} Kh8 {[%emt 0:02:44]}
8. Ng5 {[%emt 0:09:54]} Kg8 {[%emt 0:01:40]} 9. f4 {[%emt 0:09:44]} d5 {
[%emt 0:57:03]} 10. exd5 {[%emt 0:19:32]} Nxd5 {[%emt 0:00:21]} 11. Qh5 {
[%emt 0:00:31]} h6 {[%emt 0:00:25]} 12. Ne4 {[%emt 0:18:10]} Nxf4 {[%emt 0:11:
59]} 13. Bxf4 {[%emt 0:00:37]} exf4 {[%emt 0:00:06]} 14. Rxf4 {[%emt 0:03:40]}
Qd4+ {[%emt 0:01:04]} 15. Kh1 {[%emt 0:01:38]} Qe5 {[%emt 0:02:14]} 16. Qxe5 {
[%emt 0:05:09]} Nxe5 {[%emt 0:02:59]} 17. Bb3 {[%emt 0:00:02]} g5 {[%emt 0:02:
53]} 18. Rf2 {[%emt 0:02:04]} Kg7 {[%emt 0:00:18]} 19. Nbc3 {[%emt 0:02:23]} f5
{[%emt 0:16:12]} 20. Nd2 {[%emt 0:02:31]} c6 {[%emt 0:01:20]} 21. d4 {[%emt 0:
07:23]} Ng6 {[%emt 0:00:21]} 22. Re1 {[%emt 0:03:33]} g4 {[%emt 0:03:43]} 23.
Rfe2 {[%emt 0:01:53]} Bh4 {[%emt 0:00:04]} 24. Rf1 {[%emt 0:00:43]} Bd7 {
[%emt 0:02:48]} 25. Be6 {[%emt 0:03:00]} Bxe6 {[%emt 0:01:15]} 26. Rxe6 {
[%emt 0:00:07]} Rad8 {[%emt 0:00:58]} 27. Nb3 {[%emt 0:00:06]} h5 {[%emt 0:00:
33]} 28. Nc5 {[%emt 0:03:38]} b6 {[%emt 0:00:27]} 29. Nd3 {[%emt 0:00:28]} Rxd4
{[%emt 0:00:38]} 30. Rxc6 {[%emt 0:00:12]} Bd8 {[%emt 0:00:37]} 31. b3 {
[%emt 0:02:17]} Rf6 {[%emt 0:00:26]} 32. Rc8 {[%emt 0:00:58]} Rd7 {[%emt 0:00:
07]} 33. Ra8 {[%emt 0:01:11]} Rc6 {[%emt 0:00:32]} 34. Ne2 {[%emt 0:03:17]}
Rxc2 {[%emt 0:00:53]} 35. Nef4 {[%emt 0:00:01]} Bc7 {[%emt 0:00:31]} 36. Nb4 {
[%emt 0:04:01]} Rcd2 {[%emt 0:00:26]} 37. Ne6+ {[%emt 0:02:20]} Kf6 {[%emt 0:
00:31]} 38. Nf8 {[%emt 0:00:08]} Rf7 {[%emt 0:00:32]} 39. Nxg6 {[%emt 0:00:42]}
Kxg6 {[%emt 0:00:03]} 40. Rxa7 {[%emt 0:00:04]} gxh3 {[%emt 0:00:19]} 41. gxh3
{[%emt 0:00:36]} Kh6 {[%emt 0:11:06]} 42. Re1 {[%emt 0:10:06]} Rh2+ {[%emt 0:
02:23]} 43. Kg1 {[%emt 0:00:05]} Rg7+ {[%emt 0:00:11]} 44. Kf1 {[%emt 0:00:09]}
Rh1+ {[%emt 0:00:29]} 45. Kf2 {[%emt 0:01:00]} Bg3+ {[%emt 0:00:02]} 46. Kg2 {
[%emt 0:00:03]} Bxe1+ {[%emt 0:00:02]} 47. Rxg7 {[%emt 0:00:02]} Kxg7 {[%emt 0:
00:02]} 0-1

[Event "3eme tournoi de MI de JUVISY"]
[Site "Juvisy/Orge, France"]
[Date "2019.07.01"]
[Round "3.2"]
[White "LAZO, Andrei"]
[Black "ONKOUD, Abdelaziz"]
[Result "0-1"]
[WhiteElo "2279"]
[BlackElo "2328"]
[PlyCount "92"]
[EventDate "2019.??.??"]
[TimeControl "6600+725"]
[WhiteClock "0:30:31"]
[BlackClock "0:40:01"]

1. d4 {[%emt 18:40:45]} d6 {[%emt 0:25:01]} 2. c4 {[%emt 0:00:07]} e5 {[%emt 0:
00:43]} 3. e3 {[%emt 0:00:05]} Nf6 {[%emt 0:00:46]} 4. Nc3 {[%emt 0:00:13]} Be7
{[%emt 0:01:49]} 5. Nf3 {[%emt 0:07:19]} Nbd7 {[%emt 0:01:27]} 6. Be2 {[%emt 0:
03:16]} O-O {[%emt 0:00:18]} 7. h3 {[%emt 0:03:06]} c6 {[%emt 0:01:33]} 8. d5 {
[%emt 0:02:03]} cxd5 {[%emt 0:06:19]} 9. cxd5 {[%emt 0:00:53]} Ne8 {[%emt 0:00:
14]} 10. e4 {[%emt 0:00:28]} a6 {[%emt 0:01:07]} 11. a4 {[%emt 0:02:48]} a5 {
[%emt 0:03:11]} 12. Be3 {[%emt 0:00:36]} b6 {[%emt 0:00:35]} 13. Bb5 {[%emt 0:
06:10]} Nc5 {[%emt 0:00:29]} 14. Bxc5 {[%emt 0:02:29]} bxc5 {[%emt 0:00:57]}
15. Nd2 {[%emt 0:00:31]} g6 {[%emt 0:02:46]} 16. g4 {[%emt 0:02:39]} Ng7 {
[%emt 0:01:16]} 17. Rg1 {[%emt 0:01:10]} Rb8 {[%emt 0:06:45]} 18. Qf3 {[%emt 0:
03:54]} Bg5 {[%emt 0:03:07]} 19. Nc4 {[%emt 0:05:43]} h6 {[%emt 0:03:01]} 20.
Ne3 {[%emt 0:04:35]} Rb7 {[%emt 0:06:36]} 21. Qg2 {[%emt 0:12:34]} Kh8 {
[%emt 0:03:22]} 22. Ke2 {[%emt 0:09:12]} f5 {[%emt 0:05:32]} 23. f3 {[%emt 0:
02:50]} Rbf7 {[%emt 0:07:03]} 24. Raf1 {[%emt 0:01:07]} fxg4 {[%emt 0:10:17]}
25. hxg4 {[%emt 0:02:44]} Ne8 {[%emt 0:00:42]} 26. Rh1 {[%emt 0:03:54]} Nf6 {
[%emt 0:03:08]} 27. Ned1 {[%emt 0:11:21]} Nh7 {[%emt 0:01:43]} 28. Kd3 {
[%emt 0:04:48]} Kg7 {[%emt 0:04:27]} 29. Ne2 {[%emt 0:00:48]} Qb6 {[%emt 0:02:
15]} 30. b3 {[%emt 0:01:15]} Ba6 {[%emt 0:00:29]} 31. Nec3 {[%emt 0:06:01]} c4+
{[%emt 0:02:17]} 32. bxc4 {[%emt 0:00:10]} Qd4+ {[%emt 0:00:08]} 33. Kc2 {
[%emt 0:00:14]} Bxb5 {[%emt 0:00:11]} 34. axb5 {[%emt 0:04:14]} Qxc4 {[%emt 0:
01:51]} 35. Qe2 {[%emt 0:01:53]} Qb4 {[%emt 0:00:36]} 36. b6 {[%emt 0:05:36]}
Qxb6 {[%emt 0:01:25]} 37. Qb5 {[%emt 0:00:06]} Qc7 {[%emt 0:01:37]} 38. Rh3 {
[%emt 0:00:53]} Rb8 {[%emt 0:00:34]} 39. Qa4 {[%emt 0:00:35]} Rb4 {[%emt 0:01:
06]} 40. Qc6 {[%emt 0:01:24]} Qb8 {[%emt 0:01:05]} 41. Rfh1 {[%emt 0:02:13]}
Rc7 {[%emt 0:01:08]} 42. Qa6 {[%emt 0:03:03]} Rb6 {[%emt 0:01:47]} 43. Qf1 {
[%emt 0:05:50]} Rb1 {[%emt 0:01:12]} 44. Rxh6 {[%emt 0:01:51]} Qb3+ {[%emt 0:
00:48]} 45. Kd3 {[%emt 0:00:13]} Qc4+ {[%emt 0:00:20]} 46. Kc2 {[%emt 0:00:18]}
Qa2+ {[%emt 0:00:15]} 0-1